El escarabajo de oro /

Guardado en:
Autor Principal: Poe, Edgar Allan
Otros Autores: Piñeiro, J. trad.
Formato: Libro
Publicado: Buenos Aires : Estrada
Edición:ed.ición anotada con propuesta de actividades
Series:Azulejos; No. 1
Materias:
Etiquetas: Agregar Etiqueta
Sin Etiquetas, Sea el primero en etiquetar este registro!
LEADER 00848nam a22002775a 4500
001 CEM.cems012741
005 20071019165943.0
008 130507b######################000#0#####d
003 CEMS
020 |a 9500108275 
082 0 4 |a 818.3 
100 1 |a Poe, Edgar Allan 
245 1 0 |a El escarabajo de oro /  |c Edgar Allan Poe ; traducción de J. Piñeiro 
250 |a ed.ición anotada con propuesta de actividades 
260 |a Buenos Aires :  |b Estrada 
300 |a 79 p. 
490 0 |a Azulejos; No. 1 
653 |a Literatura 
653 |a Literatura eeuu 
653 |a Cuentos 
653 |a Cuentos eeuu 
653 |a Cuentos de terror 
653 |a Literatura de terror 
700 1 |a Piñeiro, J. trad. 
859 |a CEMS  |b BIB. CEMS - 11 de abril  |h 818.3  |i P752-7  |p 22227.03  |t Ej.1 
859 |a CEMS  |b BIB. CEMS - 11 de abril  |h 818.3  |i P752-7  |p 22301.03  |t Ej.2